000 00454nam a22001457a 4500
005 20251103114446.0
008 251103b |||||||| |||| 00| 0 eng d
020 _a8171794734
050 _aRT86.5
_b.S665
100 _aIndrani, TK
245 _aSociology for Nurses
_ba precise guide to sociology for general nursing students
_cT. K. Indrani
260 _aNew Delhi
_bJaypee Brothers Medical Publishers
_c2003
300 _a76p.
_c22cm
942 _2lcc
_cBK
_n0
999 _c7972
_d7972